[Event "FIDE World Rapid Team"]
[Site "London ENG"]
[Date "2025.06.13"]
[Round "11.57"]
[White "Norwood, David R"]
[Black "Munkhzul, Turmunkh"]
[Result "1-0"]
[WhiteElo "2494"]
[BlackElo "2357"]
[EventDate "2025.06.11"]

1. g3 d5 2. Nf3 Nf6 3. Bg2 e6 4. O-O Be7 5. c4 O-O 6. b3 d4 7. e3 c5 8.
exd4 cxd4 9. d3 Nc6 10. Na3 e5 11. Nc2 a5 12. Re1 Bd6 13. Bg5 h6 14. Bxf6
Qxf6 15. Nd2 Qg6 16. a3 Bg4 17. Bf3 Bxf3 18. Qxf3 f5 19. c5 Bc7 20. b4 Rae8
21. Qd5+ Qf7 22. Qxf7+ Kxf7 23. b5 Nd8 24. Nc4 a4 25. Nb4 e4 26. dxe4 Rxe4
27. Nd5 Bb8 28. Red1 Ne6 29. c6 bxc6 30. bxc6 Rd8 31. Rab1 Rxd5 32. Rxb8
Rc5 33. Nd6+ Kf6 34. Nxe4+ fxe4 35. Rb4 Ke5 36. Rxa4 Rxc6 37. Ra5+ Kd6 38.
a4 Rc4 39. Ra6+ Kd5 40. a5 Ra4 41. Ra7 Kc4 42. a6 d3 43. Rc1+ Kb5 44. Rb1+
Kc6 45. Ra8 Nc7 46. Rc8 Kd7 47. Rg8 Ne6 48. Ra8 Nc7 49. Rg8 Ne6 50. Ra8 Nc7
51. Ra7 Rxa6 52. Rxa6 Nxa6 53. Kf1 Nc5 54. Ke1 Kd6 55. Kd2 Kd5 56. Ke3 Kc4
57. Rb8 g5 58. g4 Kc3 59. Rc8 Kc4 60. Rc6 Kd5 61. Rxh6 Nb3 62. Rh5 Kc4 63.
Rxg5 d2 64. Ke2 Nd4+ 65. Kd1 1-0

[Event "FIDE World Rapid Team"]
[Site "London ENG"]
[Date "2025.06.13"]
[Round "11.58"]
[White "Gan-Od, Sereenen"]
[Black "Pert, Richard G"]
[Result "1/2-1/2"]
[WhiteElo "2294"]
[BlackElo "2447"]
[EventDate "2025.06.11"]

1. d4 d5 2. Bf4 Nf6 3. Nf3 e6 4. e3 Bd6 5. Bg3 O-O 6. Bd3 c5 7. c3 b6 8.
Nbd2 Ba6 9. Bxa6 Nxa6 10. O-O Bxg3 11. hxg3 Nb8 12. Ne5 Nfd7 13. Ndf3 Qc7
14. a4 Nc6 15. Nxc6 Qxc6 16. Re1 Rfe8 17. Qb3 e5 18. dxe5 Nxe5 19. Rad1
Rad8 20. Qb5 Qf6 21. Rxd5 Nxf3+ 22. gxf3 Qxf3 23. Rd7 Rf8 24. Qd3 Rxd7 25.
Qxd7 h5 26. e4 h4 27. Re3 Qh5 28. Kg2 hxg3 29. Rxg3 Qe5 30. Re3 Qg5+ 31.
Rg3 Qe5 32. Re3 Qg5+ 33. Rg3 Qe5 34. Re3 Qg5+ 35. Rg3 1/2-1/2

[Event "FIDE World Rapid Team"]
[Site "London ENG"]
[Date "2025.06.13"]
[Round "11.59"]
[White "Sivanandan, Bodhana"]
[Black "Uuriintuya, Uurtsaikh"]
[Result "1/2-1/2"]
[WhiteElo "2052"]
[BlackElo "2239"]
[EventDate "2025.06.11"]

1. e4 c5 2. Nf3 g6 3. c3 d5 4. e5 Nc6 5. Bb5 Qb6 6. Bxc6+ Qxc6 7. d4 Bg4 8.
O-O Bg7 9. h3 Bxf3 10. Qxf3 Nh6 11. dxc5 Qxc5 12. Re1 O-O 13. Nd2 f6 14.
Nb3 Qc4 15. exf6 Rxf6 16. Qe2 Qh4 17. Bxh6 Bxh6 18. Rad1 Raf8 19. Rf1 Qc4
20. Qxc4 dxc4 21. Nc5 Rc6 22. Nd7 Rfc8 23. Rfe1 Bg5 24. Ne5 Re6 25. Nf3
Rxe1+ 26. Rxe1 Bf6 27. Rd1 Rc6 28. Kf1 Kf7 29. Ke2 a6 30. Nd2 b5 31. Ne4
Re6 32. f3 b4 33. Kf2 bxc3 34. bxc3 Rb6 35. Rd2 Rb1 36. Rc2 a5 37. Nd2 Rb5
38. Nxc4 Rc5 39. Ne3 Bxc3 40. Ke2 Ke6 41. Kd3 Bb4 42. Rxc5 Bxc5 43. Nc4 a4
44. Ke4 a3 45. g3 h5 46. g4 Kf6 47. f4 hxg4 48. hxg4 g5 49. f5 e6 50. fxe6
Kxe6 51. Ne5 Bf8 52. Nf3 Be7 53. Nd4+ Kf6 54. Kd5 Bf8 55. Nf3 Bb4 56. Ne5
Bc3 57. Nd7+ Ke7 58. Nc5 Bd2 59. Ne4 Be3 60. Ng3 Bf4 61. Nf5+ Kd7 62. Nd4
Be3 63. Nb5 Bc1 64. Nc3 Bd2 65. Ne4 Bf4 66. Nc5+ Ke7 67. Nd3 Bd2 68. Ne5
Bc1 69. Nc4 Kd7 70. Ne5+ Ke7 71. Nc4 1/2-1/2

[Event "FIDE World Rapid Team"]
[Site "London ENG"]
[Date "2025.06.13"]
[Round "11.60"]
[White "Han, Qixuan"]
[Black "Mortazavi, Sami"]
[Result "1/2-1/2"]
[WhiteElo "1831"]
[BlackElo "1714"]
[EventDate "2025.06.11"]

1. Nf3 g6 2. e3 Bg7 3. c4 d6 4. d4 Nf6 5. Nc3 O-O 6. Be2 c5 7. O-O Nc6 8.
d5 Nb8 9. Rb1 e6 10. b3 exd5 11. Nxd5 Nxd5 12. Qxd5 Nc6 13. Rd1 Bf5 14. e4
Nb4 15. Qd2 Bxe4 16. Rb2 Nc6 17. Qe3 Re8 18. Qf4 Nd4 19. Nxd4 Bxd4 20. Rbd2
Bf5 21. Bb2 Re4 22. Qg3 Qe7 23. Bxd4 Rxe2 24. Be3 Rxd2 25. Rxd2 Rd8 26. h4
Qe6 27. Bh6 Qe1+ 28. Kh2 Qe6 29. Qc3 f6 30. Bf4 Kf7 31. h5 g5 32. Bg3 Bg4
33. Qa5 Rd7 34. h6 f5 35. f3 f4 36. Bf2 Bf5 37. Qxa7 Qxh6+ 38. Kg1 Qe6 39.
Qb8 Kg6 40. Qf8 h5 41. Kf1 g4 42. Bh4 gxf3 43. gxf3 Bh3+ 44. Kg1 Qe3+ 45.
Rf2 Rg7 46. Kh2 Kh7 47. Kxh3 Qe1 48. Qf5+ Kg8 49. Qc8+ Kh7 50. Qf5+ Kg8
1/2-1/2

[Event "FIDE World Rapid Team"]
[Site "London ENG"]
[Date "2025.06.13"]
[Round "11.1"]
[White "Samadov, Read"]
[Black "Chinguun, Sumiya"]
[Result "1/2-1/2"]
[WhiteElo "2464"]
[BlackElo "2271"]
[EventDate "2025.06.11"]
[Board "1"]

1. d4 Nf6 2. c4 e6 3. Nf3 d5 4. Nc3 c6 5. Bg5 Nbd7 6. e3 Qa5 7. cxd5 Nxd5
8. Rc1 Nxc3 9. bxc3 Ba3 10. Rc2 b6 11. h4 Ba6 12. Bxa6 Qxa6 13. h5 h6 14.
Bf4 Rd8 15. Qe2 Qxe2+ 16. Kxe2 Nf6 17. Ne5 Rc8 18. g4 Be7 19. Rd1 c5 20. c4
cxd4 21. exd4 Nd5 22. Bd2 O-O 23. Rdc1 Nf6 24. f3 Bd6 25. Nd3 Ba3 26. Rb1
Rfd8 27. Be3 Be7 28. a4 Nd5 29. Bf2 Bf6 30. Rd1 Ne7 31. Nb4 a5 32. Na2 Nc6
33. Rcd2 e5 34. d5 Nd4+ 35. Bxd4 exd4 36. Rxd4 Bxd4 37. Rxd4 Kf8 38. Nc3
Ke7 39. Ne4 Kd7 40. Kd3 Re8 41. Kc3 Re5 42. Rd1 f5 43. gxf5 Rxf5 44. Kd4
Rxf3 45. Rg1 Rf7 46. Rg6 Re8 47. Rd6+ Kc7 48. Rc6+ Kd7 49. Rd6+ Kc7 50.
Rc6+ Kd7 1/2-1/2

[Event "FIDE World Rapid Team"]
[Site "London ENG"]
[Date "2025.06.13"]
[Round "11.1"]
[White "Reimanis, Ritvars"]
[Black "Shogdzhiev, Roman"]
[Result "1/2-1/2"]
[WhiteElo "2331"]
[BlackElo "2405"]
[EventDate "2025.06.11"]
[Board "2"]

1. d4 d5 2. Nc3 Nf6 3. Bg5 Nbd7 4. Qd3 e6 5. e4 dxe4 6. Nxe4 Be7 7. Nxf6+
Nxf6 8. Nf3 O-O 9. O-O-O b6 10. Bxf6 Bxf6 11. Qe4 Rb8 12. Bb5 Qd6 13. Ne5
c5 14. Bd3 g6 15. Qf4 Kg7 16. Nxg6 Qxf4+ 17. Nxf4 Bg5 18. g3 cxd4 19. h4
Bh6 20. Kb1 e5 21. Nh5+ Kh8 22. Nf6 Rd8 23. Rde1 Bg7 24. Nxh7 f6 25. Rhg1
Bg4 26. f4 e4 27. Bxe4 f5 28. Ng5 fxe4 29. Nf7+ Kg8 30. Nxd8 Rxd8 31. Rxe4
d3 32. cxd3 Bf5 33. Kc2 Rc8+ 34. Kb3 Rd8 35. Kc2 Rc8+ 36. Kb3 Rd8 37. Kc2
Rc8+ 38. Kb3 Rd8 39. Kc2 Rc8+ 1/2-1/2

[Event "FIDE World Rapid Team"]
[Site "London ENG"]
[Date "2025.06.13"]
[Round "11.1"]
[White "Royal, Shreyas"]
[Black "Itgelt, Khuyagtsogt"]
[Result "0-1"]
[WhiteElo "2372"]
[BlackElo "2216"]
[EventDate "2025.06.11"]
[Board "3"]

1. Nf3 Nf6 2. c4 g6 3. Nc3 Bg7 4. e4 e5 5. Nxe5 O-O 6. Nf3 Re8 7. d3 d5 8.
cxd5 Nxd5 9. Bd2 Nb4 10. Be3 Bg4 11. Be2 Bxf3 12. gxf3 N8c6 13. a3 Na6 14.
Nb5 Nd4 15. Nxd4 Bxd4 16. h4 Qf6 17. Rc1 Bxb2 18. d4 Rad8 19. e5 Qb6 20.
Rb1 Qa5+ 21. Kf1 Bxd4 22. Bxd4 c5 23. Rxb7 Rxd4 24. Qb3 c4 25. Bxc4 Nc5 26.
Bxf7+ Kf8 27. Qe3 Nxb7 28. Bxe8 Rd1+ 29. Kg2 Rxh1 30. Bc6 Rxh4 31. Qg5 Qd8
32. Qe3 Qc8 33. Qg5 Qh3+ 0-1

[Event "FIDE World Rapid Team"]
[Site "London ENG"]
[Date "2025.06.13"]
[Round "11.1"]
[White "Nomin-Erdene, Davaademberel"]
[Black "Akhilbay, Imangali"]
[Result "0-1"]
[WhiteElo "2239"]
[BlackElo "2288"]
[EventDate "2025.06.11"]
[Board "4"]

1. e4 e6 2. d4 d5 3. Nc3 Nf6 4. e5 Nfd7 5. f4 c5 6. Nf3 Nc6 7. Be3 a6 8.
Qd2 b5 9. a3 Qa5 10. Be2 b4 11. Nd1 Rb8 12. a4 cxd4 13. Nxd4 Nxd4 14. Bxd4
Bc5 15. Ne3 Bxd4 16. Qxd4 Qc5 17. Rd1 O-O 18. b3 a5 19. h4 Qxd4 20. Rxd4 f6
21. exf6 Nxf6 22. Bd3 Bb7 23. h5 Nd7 24. h6 g6 25. Ng4 Bc6 26. Kd2 Kf7 27.
Re1 Ke7 28. Ne5 Nxe5 29. Rxe5 Kd6 30. g3 Rbc8 31. Bf1 Rf5 32. Bd3 Rxe5 33.
fxe5+ Kxe5 34. Rf4 Rc7 35. Rf8 Re7 36. Rc8 Kd6 37. Rg8 e5 38. Bxg6 hxg6 39.
Rg7 Re8 40. h7 Rh8 41. Rxg6+ Kc5 42. Rg7 d4 43. Kd3 e4+ 44. Kd2 e3+ 45. Kd3
Be4+ 46. Kxe4 e2 47. Rg5+ Kd6 48. Rg6+ 0-1

[Event "FIDE World Rapid Team"]
[Site "London ENG"]
[Date "2025.06.13"]
[Round "11.1"]
[White "Nurgaliyeva, Zarina"]
[Black "Ulziikhishig, Khishigbat"]
[Result "0-1"]
[WhiteElo "2081"]
[BlackElo "2027"]
[EventDate "2025.06.11"]
[Board "5"]

1. e4 e5 2. Nf3 Nc6 3. Nc3 Nf6 4. Bb5 d6 5. d4 exd4 6. Nxd4 Bd7 7. Bxc6
bxc6 8. Qf3 c5 9. Nf5 g6 10. Ng3 Bg7 11. O-O O-O 12. Bd2 Re8 13. Qd3 Ng4
14. Nd1 Rb8 15. a4 Qh4 16. h3 Ne5 17. Qe2 Be6 18. Ne3 Rxb2 19. Rab1 Rxb1
20. Rxb1 Nc6 21. Rb7 Nd4 22. Qd1 Qd8 23. a5 Qa8 24. Qb1 a6 25. Rb2 Nb5 26.
Qc1 Bxb2 27. Qxb2 Nd4 28. Bc3 Rb8 29. Qa1 Qc6 30. Bxd4 cxd4 31. Qxd4 Qc5
32. Qf6 Qxa5 33. Kh2 Qe5 34. Qe7 Rc8 35. Qh4 Qd4 36. Qg5 Qc5 37. Qf6 a5 38.
h4 Qe5 39. Qe7 a4 40. h5 a3 41. Qh4 g5 0-1

[Event "FIDE World Rapid Team"]
[Site "London ENG"]
[Date "2025.06.13"]
[Round "11.1"]
[White "Araya Fuentes, Cristian"]
[Black "Watson, Mikey J"]
[Result "1/2-1/2"]
[WhiteElo "1945"]
[BlackElo "1914"]
[EventDate "2025.06.11"]
[Board "6"]

1. Nf3 Nf6 2. g3 d5 3. Bg2 c5 4. d3 Nc6 5. Nbd2 e6 6. e4 d4 7. a4 Be7 8.
Nc4 b6 9. Nfe5 Nxe5 10. Nxe5 Bb7 11. f4 Nd7 12. Nxd7 Qxd7 13. O-O f5 14.
Re1 O-O 15. b3 Rae8 16. Bb2 Bd6 17. Qd2 e5 18. fxe5 Rxe5 19. exf5 Rexf5 20.
Rf1 Be7 21. Rxf5 Rxf5 22. Bxb7 Qxb7 23. Qg2 Qxg2+ 24. Kxg2 Re5 25. Kf1 Bg5
26. Bc1 Rf5+ 27. Ke2 Bxc1 28. Rxc1 Rh5 29. Rh1 Kf7 30. g4 Rh3 31. Kf2 Kg6
32. Kg2 Re3 33. Rf1 Re2+ 34. Rf2 Re3 35. h3 h6 36. Kh2 a6 37. Kg2 b5 38.
axb5 axb5 39. Kh2 Kh7 40. Kg2 Kg8 41. Kh2 g6 42. Kg2 Kg7 43. Kh2 g5 44. Kg2
Kg6 45. Kh2 h5 46. Kg2 hxg4 47. hxg4 Re1 48. Kh2 Re3 49. Kg2 1/2-1/2

[Event "FIDE World Rapid Team"]
[Site "London ENG"]
[Date "2025.06.13"]
[Round "11.2"]
[White "Dudin, Gleb"]
[Black "Oro, Faustino"]
[Result "1/2-1/2"]
[WhiteElo "2454"]
[BlackElo "2457"]
[EventDate "2025.06.11"]
[Board "1"]

1. d4 Nf6 2. c4 e6 3. Nf3 d5 4. g3 Be7 5. Bg2 O-O 6. Nc3 c6 7. O-O a5 8. b3
b6 9. Bb2 Ba6 10. a3 Nbd7 11. Qc2 Qc7 12. Rfd1 Rfc8 13. h4 h6 14. e3 Qb7
15. Rac1 b5 16. c5 b4 17. axb4 axb4 18. Ne2 Ne4 19. Nf4 Bd8 20. Nd2 Nxd2
21. Qxd2 Nf6 22. Nd3 Ne4 23. Qc2 Bc7 24. Nf4 Nf6 25. Ra1 Bb5 26. Qd2 Rxa1
27. Rxa1 Ra8 28. Rxa8+ Qxa8 29. Qxb4 Qa2 30. Qc3 Ba5 31. Qc2 Ne4 32. Bf1
Bxf1 33. Kxf1 g5 34. hxg5 hxg5 35. Nd3 Bc3 36. Kg2 g4 37. b4 Bxb2 38. Qxb2
Qa6 39. Ne5 f5 40. Qc2 Kg7 41. Nd3 Kf6 42. Ne5 Kg7 43. Qb2 Qa4 44. Qb1 Nd2
45. Qh1 Qc2 46. Qh5 Qe4+ 47. Kh2 Nf3+ 48. Nxf3 Qxf3 49. Qg5+ Kf7 50. Qf4
Qe2 51. Kg2 Qb5 52. Qe5 Qe2 53. Qc7+ Kg6 54. Qe7 Qf3+ 55. Kg1 Qd1+ 56. Kh2
Qf1 57. Qxe6+ Kg5 58. Qe7+ Kh5 59. Qf7+ Kg5 60. Qg7+ Kh5 61. Qh8+ Kg5 62.
Qd8+ Kh5 63. Qe8+ Kg5 64. Qe7+ Kh5 65. Qe8+ 1/2-1/2

[Event "FIDE World Rapid Team"]
[Site "London ENG"]
[Date "2025.06.13"]
[Round "11.2"]
[White "Ahmad, Khagan"]
[Black "Shabalov, Alexander"]
[Result "0-1"]
[WhiteElo "2301"]
[BlackElo "2526"]
[EventDate "2025.06.11"]
[Board "2"]

1. d4 Nf6 2. c4 e6 3. Nf3 c5 4. d5 b5 5. dxe6 fxe6 6. cxb5 d5 7. e3 Bd6 8.
Nc3 O-O 9. Be2 Bb7 10. O-O e5 11. e4 d4 12. Bc4+ Kh8 13. Nd5 Nxe4 14. Qc2
Nf6 15. Ng5 e4 16. Ne6 Qe8 17. Ndc7 Bxh2+ 18. Kxh2 Qh5+ 19. Kg1 Ng4 20. Re1
Qh2+ 21. Kf1 d3 0-1

[Event "FIDE World Rapid Team"]
[Site "London ENG"]
[Date "2025.06.13"]
[Round "11.2"]
[White "Glek, Igor"]
[Black "Lu, Miaoyi"]
[Result "0-1"]
[WhiteElo "2416"]
[BlackElo "2240"]
[EventDate "2025.06.11"]
[Board "3"]

1. e4 e5 2. Nf3 Nc6 3. Nc3 Nf6 4. g3 Bc5 5. Bg2 d6 6. d3 a5 7. O-O O-O 8.
h3 Be6 9. Kh2 h6 10. Nd2 Nd4 11. f4 exf4 12. gxf4 d5 13. e5 Ne8 14. Nb3
Nxb3 15. axb3 f5 16. d4 Be7 17. Rg1 c6 18. Qh5 Qd7 19. Bf3 Kh8 20. Rg6 Kh7
21. Be3 Bf7 22. Rag1 Bxg6 23. Qxg6+ Kh8 24. Bf2 b5 25. Nd1 Bd8 26. Ne3 Nc7
27. Nxf5 Qf7 28. Bh5 Qxg6 29. Bxg6 Ra6 30. Be3 c5 31. dxc5 Rxg6 32. Rxg6
Rxf5 33. Rd6 Bh4 34. c6 Rf7 35. Bb6 g6 36. Rxg6 Kh7 37. Rd6 Rg7 38. Rd7
Rxd7 39. cxd7 Bd8 40. f5 Kg7 41. Bxa5 Kf7 42. Kg3 Ke7 43. e6 Kf6 44. Kg4
Nxe6 45. Bc3+ d4 46. fxe6 dxc3 47. bxc3 Kxe6 48. Kh5 Kxd7 49. Kxh6 Ke6 50.
Kg6 Be7 51. c4 b4 52. Kh5 Kf5 53. Kh6 Ke4 54. Kg6 Kd4 55. Kf7 Bh4 56. Ke6
Bg3 57. Kd7 Kc3 58. c5 Kxc2 59. c6 Kxb3 60. h4 Ka4 61. h5 b3 62. h6 b2 63.
h7 b1=Q 64. h8=Q Qf5+ 65. Ke7 Qc5+ 66. Kf7 Qc4+ 67. Kg6 Qe4+ 68. Kf7 Qd5+
69. Kg6 Qxc6+ 70. Qf6 Qe4+ 71. Qf5 Qd4 72. Kh5 Be5 73. Qf3 Kb5 74. Qg4 Qd5
75. Qf5 Kc5 76. Qc2+ Kd6 77. Qg6+ Bf6+ 78. Kh6 Ke7 0-1

[Event "FIDE World Rapid Team"]
[Site "London ENG"]
[Date "2025.06.13"]
[Round "11.2"]
[White "Lohia, Sohum"]
[Black "Reprintsev, Alexander"]
[Result "1/2-1/2"]
[WhiteElo "2097"]
[BlackElo "2299"]
[EventDate "2025.06.11"]
[Board "4"]

1. e4 e5 2. Nf3 Nc6 3. Bb5 a6 4. Ba4 Bc5 5. c3 Nge7 6. O-O Ng6 7. d4 Ba7 8.
Bxc6 dxc6 9. Nxe5 Nxe5 10. dxe5 Qe7 11. Qf3 Bd7 12. Qg3 O-O-O 13. Nd2 g5
14. Nf3 h6 15. Re1 Rhe8 16. Be3 Bxe3 17. Rxe3 g4 18. Nd4 Qxe5 19. Qxe5 Rxe5
20. f4 gxf3 21. Nxf3 Ra5 22. a3 c5 23. Rd1 Be6 24. Rxd8+ Kxd8 25. Kf2 Rb5
26. Re2 Ke7 27. Ke3 a5 28. h3 h5 29. Rd2 f6 30. e5 c4 31. exf6+ Kxf6 32.
Rf2 Ke7 33. Nd4 Rd5 34. Nxe6 Kxe6 35. Rd2 Re5+ 36. Kf4 Rf5+ 37. Ke4 Re5+
38. Kf4 Rf5+ 39. Kg3 b5 40. Kh4 c5 41. g4 hxg4 42. hxg4 Rf1 43. Re2+ Kf6
44. g5+ Kf5 45. Rh2 Kg6 46. Kg4 Rg1+ 47. Kf4 Rxg5 48. Rd2 Rh5 49. Rd6+ Kf7
50. Rb6 b4 51. axb4 cxb4 52. cxb4 axb4 53. Rxb4 Rc5 54. Ke4 c3 55. bxc3
Rxc3 1/2-1/2

[Event "FIDE World Rapid Team"]
[Site "London ENG"]
[Date "2025.06.13"]
[Round "11.2"]
[White "Yildiz, Ali Aras"]
[Black "Volkov, Leonid"]
[Result "1/2-1/2"]
[WhiteElo "1835"]
[BlackElo "1833"]
[EventDate "2025.06.11"]
[Board "6"]

1. e4 e5 2. Nf3 Nc6 3. d4 exd4 4. Nxd4 Bc5 5. Nb3 Bb6 6. Nc3 Qf6 7. Qe2
Nge7 8. Be3 Bxe3 9. Qxe3 a6 10. O-O-O O-O 11. f3 d6 12. g4 Be6 13. g5 Qg6
14. h4 f5 15. Bd3 f4 16. Qf2 Bxb3 17. axb3 Ne5 18. Be2 Qh5 19. Rdg1 N7c6
20. Nd5 Rf7 21. g6 Nxg6 22. Bc4 Nce5 23. Nxc7 Nxc4 24. Nxa8 Ne3 25. Rg5 Qh6
26. Nb6 Rc7 27. Nc4 Ne5 28. Kb1 N5xc4 29. bxc4 Rxc4 30. c3 Qf6 31. Rhg1 Rc7
32. Qd2 Kf8 33. Qd4 Qxd4 34. cxd4 g6 35. h5 Nc4 36. R1g4 Nd2+ 37. Ka2 Rc4
38. Ka3 Rxd4 39. Rxf4+ Kg7 40. hxg6 hxg6 41. Rfg4 Nxf3 42. Rxg6+ Kf7 43.
Rg7+ Ke6 44. Rxb7 Nd2 45. Rg6+ Ke5 46. Re7+ Kf4 47. Rf6+ Ke3 48. Rh6 Nc4+
49. Ka2 Rd2 50. Rh3+ Kd4 51. Rb3 a5 52. Rc7 Re2 53. Rh7 Rxe4 54. Rhh3 Re2
55. Rhd3+ Kc5 56. Rdc3 d5 57. Rb8 Kd4 58. Rh3 a4 59. Rb4 Kc5 60. Rxa4 Rxb2+
61. Ka1 Rd2 62. Ra8 Rd1+ 63. Ka2 Rd2+ 64. Kb1 Rg2 65. Rd8 Rg1+ 66. Kc2 Rg2+
67. Kd1 Rg1+ 68. Ke2 Rg2+ 69. Kf1 Rd2 70. Rh5 Ne3+ 71. Ke1 Rd4 72. Rh7 Kc4
73. Ke2 Nf5 74. Rc7+ Kb3 75. Rb8+ Rb4 76. Rxb4+ Kxb4 77. Kd3 Nd6 78. Rc1
Nb5 79. Rc8 Nd6 80. Rc1 Nb5 81. Ke3 d4+ 82. Kd3 Nc3 83. Rh1 Nb5 84. Rh5 Nc3
85. Kxd4 Nb5+ 86. Kd3 Nd6 87. Rh8 Kc5 88. Rh5+ Kc6 89. Kd4 Nb5+ 90. Kc4
Nd6+ 91. Kb4 Ne4 92. Re5 Nd6 93. Re6 Kd5 94. Re1 Ne4 95. Rh1 Ke5 96. Kc4
Nd6+ 97. Kd3 Kd5 98. Rh5+ Ke6 99. Kd4 Nf5+ 100. Kd3 Nd6 101. Ke3 Nf5+ 102.
Kf4 Nd6 103. Ra5 Nc4 104. Rc5 Nd6 105. Re5+ Kf6 106. Re1 Nf7 107. Ra1 Ke6
108. Ra5 Nd6 109. Kg4 Nc4 110. Rb5 Nd6 111. Rc5 Ne4 112. Ra5 Nd6 113. Kg5
Ne4+ 114. Kg6 Nd6 115. Kg7 Nf5+ 116. Kf8 Nd6 117. Rh5 Nf5 118. Rg5 Kf6 119.
Rg1 Ke6 120. Re1+ Kf6 121. Kg8 Ne7+ 122. Kh7 Nf5 123. Re8 Nd6 124. Re2 Nf5
125. Rf2 Ke5 126. Kg6 Ne7+ 127. Kg5 Nd5 128. Rd2 Ke4 129. Kg4 Nf6+ 130. Kg3
Nd5 131. Rxd5 Kxd5 1/2-1/2

[Event "FIDE World Rapid Team"]
[Site "London ENG"]
[Date "2025.06.13"]
[Round "11.3"]
[White "Navara, David"]
[Black "Schneider, Ilja"]
[Result "1-0"]
[WhiteElo "2671"]
[BlackElo "2429"]
[EventDate "2025.06.11"]
[Board "1"]

1. e4 e5 2. Nf3 Nc6 3. Bc4 Bc5 4. c3 d6 5. d4 exd4 6. cxd4 Bb6 7. Bb5 Bd7
8. Nc3 Nge7 9. h3 O-O 10. O-O Kh8 11. Re1 h6 12. a3 f5 13. Bc4 fxe4 14.
Rxe4 Bf5 15. Re1 Ng6 16. Nd5 Nh4 17. Nxb6 axb6 18. Nxh4 Qxh4 19. Be3 Rae8
20. Qd2 Be4 21. f3 Bf5 22. Bf2 Qf6 23. Bb5 Rxe1+ 24. Rxe1 Ne7 25. d5 Qf7
26. Bd4 Kh7 27. Bc4 Nxd5 28. Bxb6 c6 29. Bxd5 cxd5 30. Bd4 Re8 31. a4 Rxe1+
32. Qxe1 1-0

[Event "FIDE World Rapid Team"]
[Site "London ENG"]
[Date "2025.06.13"]
[Round "11.3"]
[White "Fromm, Marius"]
[Black "Klimkowski, Jan"]
[Result "1-0"]
[WhiteElo "2320"]
[BlackElo "2416"]
[EventDate "2025.06.11"]
[Board "2"]

1. e4 c5 2. Nf3 d6 3. Bc4 Nf6 4. d3 e6 5. O-O Be7 6. Nbd2 O-O 7. a4 Nc6 8.
Re1 b6 9. c3 Bb7 10. Ba2 Rc8 11. Nf1 Ne5 12. Nxe5 dxe5 13. Bc4 a6 14. Ng3
Ne8 15. Qg4 Kh8 16. Qh5 Bf6 17. f4 g6 18. Qg4 Nd6 19. Ba2 exf4 20. Bxf4 Bg7
21. e5 Nf5 22. Rad1 Nxg3 23. Qxg3 Bd5 24. Bg5 Qd7 25. Bxd5 exd5 26. Qf4 Rc6
27. d4 Re6 28. b3 Kg8 29. Rf1 cxd4 30. cxd4 Rc6 31. Rd3 Qe6 32. Bf6 Bxf6
33. exf6 Qe4 34. Re3 Qxf4 35. Rxf4 Re6 36. Re5 Rxe5 37. dxe5 Re8 38. Rb4
Re6 39. Kf2 h6 40. Kf3 g5 41. Kg4 a5 42. Rb5 Rxe5 43. Rxb6 Kh7 44. Rb5 Kg6
45. Kf3 Rf5+ 46. Ke2 Kxf6 47. Rxa5 Ke5 48. Ra8 Kd4 49. a5 Re5+ 50. Kd2 Rf5
51. Ke2 Re5+ 52. Kd2 Rf5 53. a6 Rf2+ 54. Kc1 Kd3 55. a7 Rc2+ 56. Kb1 Rc7
57. Kb2 d4 58. b4 Kd2 59. Kb3 d3 60. b5 Kc1 61. b6 Rc6 62. Ka4 d2 63. Rd8
Rc8 64. Rxc8+ 1-0

[Event "FIDE World Rapid Team"]
[Site "London ENG"]
[Date "2025.06.13"]
[Round "11.3"]
[White "Seemann, Jakub"]
[Black "Florstedt, Johannes"]
[Result "1-0"]
[WhiteElo "2392"]
[BlackElo "2334"]
[EventDate "2025.06.11"]
[Board "3"]

1. Nf3 c5 2. e4 d6 3. Bb5+ Bd7 4. Bxd7+ Nxd7 5. c4 Ngf6 6. Nc3 g6 7. O-O
Bg7 8. d3 O-O 9. h3 Ne5 10. Nxe5 dxe5 11. Be3 Qd6 12. Qc2 Rfd8 13. Rfd1 Nh5
14. a3 Nf4 15. Nb5 Qf6 16. Kh2 Ne6 17. b4 Nd4 18. Qb2 b6 19. a4 cxb4 20.
Nc7 Rac8 21. Nd5 Rxd5 22. exd5 a5 23. Bxd4 exd4 24. Qe2 Qe5+ 25. Qxe5 Bxe5+
26. g3 h5 27. Kg2 Bd6 28. Re1 Kg7 29. Re4 Bc5 30. Rae1 Rc7 31. g4 hxg4 32.
Rxg4 Rc8 33. h4 Rh8 34. Rh1 Kf6 35. Rg5 Bd6 36. Kf3 Kg7 37. h5 Kf6 38. hxg6
Rxh1 39. g7 Kxg5 40. g8=Q+ Kf6 41. Qd8 Bc5 42. d6 Bxd6 43. Qxb6 Rc1 44.
Qxd4+ Be5 45. Qb6+ e6 46. d4 Rc3+ 47. Ke4 Bh2 48. Qd8+ Kg7 49. Qg5+ Kf8 50.
Qh6+ Ke7 51. Qh4+ Kd7 52. Qxh2 b3 53. Qb8 e5 54. Kxe5 1-0

[Event "FIDE World Rapid Team"]
[Site "London ENG"]
[Date "2025.06.13"]
[Round "11.3"]
[White "Schulze, Lara"]
[Black "Saduakassova, Dinara"]
[Result "1/2-1/2"]
[WhiteElo "2211"]
[BlackElo "2449"]
[EventDate "2025.06.11"]
[Board "4"]

1. e4 e5 2. Nf3 Nc6 3. Bc4 Bc5 4. d3 Nf6 5. Nc3 h6 6. h3 a6 7. a4 d6 8. Be3
Bb4 9. O-O Bxc3 10. bxc3 O-O 11. Nd2 Be6 12. Bxe6 fxe6 13. d4 Qe8 14. Qe2
Qg6 15. Qd3 d5 16. Rab1 b6 17. f3 Rfd8 18. Kh2 Kh7 19. Bf2 Nh5 20. g3 Nf6
21. Rfe1 Rd7 22. Rbc1 dxe4 23. Nxe4 Nxe4 24. Rxe4 Rf8 25. Kg2 Rdf7 26. Re3
Qxd3 27. Rxd3 e4 28. Re3 Rxf3 29. Bg1 Rxe3 30. Bxe3 Ne7 31. c4 Nf5 32. Re1
Nd6 33. Bf4 Nxc4 34. Rxe4 Rf7 35. Rxe6 g5 36. Bc1 Rd7 37. c3 c5 38. h4 cxd4
39. cxd4 Rxd4 40. hxg5 hxg5 41. Bxg5 b5 42. Rxa6 bxa4 43. Rxa4 Ne3+ 44.
Bxe3 Rxa4 45. Bf4 Kg6 46. Kf3 Ra3+ 47. Kg4 Rb3 48. Be5 Rb4+ 49. Bf4 Rc4 50.
Kf3 Kf5 51. g4+ Kg6 52. Be3 Ra4 53. Bf4 Ra3+ 54. Ke4 Kf6 55. Be3 Ra4+ 56.
Kf3 Ke5 57. Bd2 Ra3+ 58. Be3 Rb3 59. Kf2 Ke4 60. Bc1 Rc3 61. Bh6 Rh3 62.
Bc1 Rh1 63. Bg5 Rh2+ 64. Kg3 Ra2 65. Bh6 Ra3+ 66. Kf2 Ra6 67. Bc1 Rc6 68.
Bg5 Rg6 69. Be7 Rxg4 70. Bc5 Rg5 71. Bb6 Rf5+ 72. Kg2 Rf6 73. Bc5 Rg6+ 74.
Kh1 Kf3 75. Ba7 Rh6+ 76. Kg1 Ra6 77. Bc5 Kg3 78. Kh1 Rh6+ 79. Kg1 Rc6 80.
Bf2+ Kf3 81. Bd4 Rc4 82. Ba7 Ra4 83. Bb6 Rg4+ 84. Kh1 Rh4+ 85. Kg1 Rb4 86.
Bc5 Rb1+ 87. Kh2 Rd1 88. Bb6 Rd2+ 89. Kh1 Kg3 90. Ba7 Rd7 91. Bc5 Rh7+ 92.
Kg1 Rh6 93. Bf2+ Kf3 94. Ba7 Ra6 95. Bc5 Rc6 96. Ba7 Rc1+ 1/2-1/2

[Event "FIDE World Rapid Team"]
[Site "London ENG"]
[Date "2025.06.13"]
[Round "11.3"]
[White "Cieslak, Patryk"]
[Black "Rath, Alina"]
[Result "1-0"]
[WhiteElo "2220"]
[BlackElo "2038"]
[EventDate "2025.06.11"]
[Board "5"]

1. e4 c5 2. Nf3 Nc6 3. Bc4 e6 4. O-O d5 5. exd5 exd5 6. Bb5 Be7 7. d4 c4 8.
b3 cxb3 9. axb3 Nf6 10. c3 O-O 11. Re1 Bg4 12. h3 Bf5 13. Nbd2 a6 14. Bf1
Re8 15. Bb2 b5 16. Ne5 Qc7 17. Nxc6 Qxc6 18. Nf3 Rad8 19. Ne5 Qb7 20. b4
Bd6 21. Nd3 Rxe1 22. Qxe1 Bxd3 23. Bxd3 Re8 24. Qd1 Bb8 25. Qf3 Ne4 26. Re1
Qc6 27. Re3 g6 28. h4 f5 29. h5 Qd6 30. g3 Kg7 31. Kg2 Bc7 32. Bc1 Qf6 33.
Re1 Re6 34. hxg6 hxg6 35. Rh1 Kg8 36. Be3 Bd6 37. Bc2 Bc7 38. Bb3 Qd8 39.
Bf4 Bxf4 40. Qxf4 Nf6 41. Rh6 Kf7 42. Bc2 Qf8 43. Qg5 Qg7 44. Rh1 Re2 45.
Bd3 Re6 46. Qf4 Qf8 47. Ra1 Qe7 48. Qh4 Qf8 49. Ra2 Qg7 50. Qg5 Qf8 51. Qf4
Qe7 52. Qb8 Qe8 53. Qb7+ Qe7 54. Qa8 Qd6 55. Qa7+ Nd7 56. Rxa6 Qxa6 57.
Qxd7+ Kf6 58. Qd8+ Re7 59. Qxd5 Qb7 60. Qxb7 Rxb7 61. Kf3 g5 62. Ke3 Re7+
63. Kd2 Rb7 64. Be2 f4 65. gxf4 gxf4 66. Kd3 Kf5 67. Bf3 Rc7 68. Kd2 Kg5
69. Be2 Rb7 70. Bd3 Kg4 71. Be4 Rb6 72. Kd3 Re6 73. d5 Re7 74. Kd4 f3 75.
d6 Re6 76. Kd5 Re8 77. d7 Rd8 78. Ke6 Kf4 79. Bc6 1-0